The Oxford Handbook of the Indian Constitution (Record no. 1679958)

MARC details
000 -LEADER
fixed length control field 00572nam a22002057a 4500
005 - DATE AND TIME OF LATEST TRANSACTION
control field 20260219051150.0
008 - FIXED-LENGTH DATA ELEMENTS--GENERAL INFORMATION
fixed length control field 260219b |||||||| |||| 00| 0 eng d
020 ## - INTERNATIONAL STANDARD BOOK NUMBER
International Standard Book Number 9780198787334
040 ## - CATALOGING SOURCE
Transcribing agency ILCL
041 ## - LANGUAGE CODE
Source of code eng
Language code of text/sound track or separate title eng
084 ## - COLON CLASSIFICATION NUMBER
Classification number V2:2:Z Q6
245 ## - TITLE STATEMENT
Title The Oxford Handbook of the Indian Constitution
250 ## - EDITION STATEMENT
Edition statement 1
260 ## - PUBLICATION, DISTRIBUTION, ETC.
Place of publication, distribution, etc. India
Name of publisher, distributor, etc. Oxford University Press
Date of publication, distribution, etc. 2016
300 ## - PHYSICAL DESCRIPTION
Extent lxv,1048p.
700 ## - ADDED ENTRY--PERSONAL NAME
Personal name Choudhry, Sujit (Ed.)
700 ## - ADDED ENTRY--PERSONAL NAME
Personal name Khosla, Madhav (Ed.)
700 ## - ADDED ENTRY--PERSONAL NAME
Personal name Mehta, Pratap Bhanu (Ed.)
942 ## - ADDED ENTRY ELEMENTS (KOHA)
Source of classification or shelving scheme Colon Classification (CC)
Koha item type Textbook
700 ## - ADDED ENTRY--PERSONAL NAME
-- 1116198
700 ## - ADDED ENTRY--PERSONAL NAME
-- 1116199
700 ## - ADDED ENTRY--PERSONAL NAME
-- 1116200
999 ## -
-- 1679958
-- 1679958
Holdings
Withdrawn status Lost status Source of classification or shelving scheme Damaged status Not for loan Home library Current library Date acquired Source of acquisition Cost, normal purchase price Inventory number Total checkouts Full call number Barcode Date last seen Price effective from Koha item type
    Colon Classification (CC)     Integrated Law Course library Integrated Law Course library 2026-02-16 Global Informatics Solutions 1595.00 260 dt. 16-02-2026   V2:2:Z Q6 IL1865344 2026-02-19 2026-02-19 Textbook
    Colon Classification (CC)     Integrated Law Course library Integrated Law Course library 2026-02-16 Global Informatics Solutions 1595.00 260 dt. 16-02-2026   V2:2:Z Q6 IL1865345 2026-02-19 2026-02-19 Textbook
Copyright @ Delhi University Library System